[Event "GBR-ch 96th"]
[Site "Torquay"]
[Date "2009.07.30"]
[Round "4"]
[White "Smith, Graham M"]
[Black "Littlewood, John Eric"]
[Result "1-0"]
[WhiteElo "2119"]
[BlackElo "2188"]
[PlyCount "89"]
[EventDate "2009.07.27"]
[EventType "swiss"]
[EventRounds "11"]
[EventCountry "ENG"]
[SourceTitle "CBM 131 Extra"]
[Source "ChessBase"]
[SourceDate "2009.09.03"]
[SourceVersion "2"]
[SourceVersionDate "2009.09.16"]
[SourceQuality "1"]

1. d4 d5 2. c4 e5 3. dxe5 d4 4. a3 Nc6 5. Bf4 a5 6. Nf3 Nge7 7. h3 Ng6 8. g3 Be6 9. Nbd2 f6 10. exf6 Nxf4 11. fxg7 Bxg7 12. gxf4 Qf6 13. Ng5 Bg8 14. e3 dxe3 15. fxe3 0-0-0 16. Qg4+ Kb8 17. Nge4 Qf8 18. 0-0-0 Bf7 19. Qf5 Qe8 20. Qb5 Rxd2 21. Nxd2 Qxe3 22. Bg2 Nd8 23. Rhf1 c6 24. Qxa5 Bxc4 25. Rf3 Qd4 26. Nxc4 Qxc4+ 27. Kb1 Bf6 28. Qf5 Qe2 29. Qc2 Re8 30. Rfd3 Qxc2+ 31. Kxc2 Ne6 32. f5 Nf4 33. R3d2 Re5 34. Rf1 Rxf5 35. Be4 Rc5+ 36. Kb1 Be5 37. h4 h5 38. Rg1 Rc4 39. Bc2 Nd5 40. Bb3 Rxh4 41. Bxd5 cxd5 42. Rxd5 Bf6 43. Rg6 Rh1+ 44. Ka2 Be7 45. Re6 1-0

[Event "GBR-ch 96th"]
[Site "Torquay"]
[Date "2009.07.29"]
[Round "3"]
[White "Littlewood, John Eric"]
[Black "LeMoir, David A"]
[Result "0-1"]
[WhiteElo "2188"]
[BlackElo "2009"]
[PlyCount "56"]
[EventDate "2009.07.27"]
[EventType "swiss"]
[EventRounds "11"]
[EventCountry "ENG"]
[SourceTitle "CBM 131 Extra"]
[Source "ChessBase"]
[SourceDate "2009.09.03"]
[SourceVersion "2"]
[SourceVersionDate "2009.09.16"]
[SourceQuality "1"]

1. f4 d5 2. g3 c6 3. Bg2 Nf6 4. Nf3 Bg4 5. d3 Nbd7 6. Nbd2 Qc7 7. b3 e5 8. fxe5 Nxe5 9. Bb2 Bd6 10. 0-0 0-0-0 11. c4 Bxf3 12. Nxf3 Neg4 13. Qc1 h5 14. cxd5 Nxd5 15. Ng5 Qb6+ 16. d4 Be5 17. Nf3 Bf6 18. e4 Nde3 19. e5 Be7 20. Re1 Nxg2 21. Kxg2 Rd7 22. Qf4 Bd8 23. h3 Nh6 24. Rac1 Be7 25. Nd2 Qa5 26. a3 Qd5+ 27. Kh2 g5 28. Qf2 Ng4+ 0-1

[Event "GBR-ch 96th"]
[Site "Torquay"]
[Date "2009.07.28"]
[Round "2"]
[White "Longson, Sarah N"]
[Black "Littlewood, John Eric"]
[Result "0-1"]
[WhiteElo "2098"]
[BlackElo "2188"]
[PlyCount "74"]
[EventDate "2009.07.27"]
[EventType "swiss"]
[EventRounds "11"]
[EventCountry "ENG"]
[SourceTitle "CBM 131 Extra"]
[Source "ChessBase"]
[SourceDate "2009.09.03"]
[SourceVersion "2"]
[SourceVersionDate "2009.09.16"]
[SourceQuality "1"]

1. e4 e5 2. Bc4 Nf6 3. d3 c6 4. Nf3 Be7 5. 0-0 d6 6. c3 0-0 7. Re1 Na6 8. Nbd2 b5 9. Bb3 Nc5 10. Bc2 a5 11. d4 Ncd7 12. Nf1 Re8 13. Ng3 g6 14. Ng5 h6 15. Nh3 Bf8 16. f4 Nb6 17. Nf2 c5 18. f5 Kh7 19. b3 Qc7 20. Bb2 c4 21. Qf3 Bg7 22. Ba3 exd4 23. cxd4 b4 24. Bc1 cxb3 25. Bxb3 a4 26. Bd1 Bb7 27. Bf4 Nbd5 28. Rc1 Qb6 29. fxg6+ fxg6 30. Be3 Nxe3 31. Qxe3 Nd5 32. Qd2 Bxd4 33. exd5 Bxf2+ 34. Qxf2 Rxe1+ 35. Nf1 Rf8 36. Rc7+ Kg8 37. Bf3 Rxf1+ 0-1

[Event "ENG-ch Seniors"]
[Site "Dovedale"]
[Date "2008.01.29"]
[Round "2"]
[White "Price, Andrew"]
[Black "Littlewood, John Eric"]
[Result "1/2-1/2"]
[WhiteElo "1728"]
[BlackElo "2191"]
[PlyCount "60"]
[EventDate "2008.01.28"]
[EventType "swiss"]
[EventRounds "5"]
[EventCountry "ENG"]
[SourceTitle "EXT 2009"]
[Source "ChessBase"]
[SourceDate "2008.11.26"]
[SourceVersion "1"]
[SourceVersionDate "2008.11.26"]
[SourceQuality "1"]

1. e4 e5 2. Nc3 d6 3. Bc4 Be6 4. Qe2 Nc6 5. Nf3 Nf6 6. Nd5 Nd7 7. d3 Na5 8. Ng5 Nxc4 9. dxc4 Be7 10. Nxe6 fxe6 11. Nc3 0-0 12. Be3 Bg5 13. 0-0-0 a6 14. h4 Bxe3+ 15. Qxe3 b5 16. Rh3 Qf6 17. f3 Nb6 18. c5 Nc4 19. Qg5 Qf4+ 20. Kb1 h6 21. Qxf4 exf4 22. cxd6 cxd6 23. Rhh1 Rfd8 24. b3 Ne3 25. Rd2 d5 26. exd5 exd5 27. Rg1 Ra7 28. Ne2 Rf8 29. Nd4 Rf6 30. Re1 Re7 1/2-1/2

[Event "Liverpool op"]
[Site "Liverpool"]
[Date "2007.09.09"]
[Round "9"]
[White "Jameson, David"]
[Black "Littlewood, John Eric"]
[Result "1-0"]
[WhiteElo "2006"]
[BlackElo "2230"]
[PlyCount "49"]
[EventDate "2007.09.03"]
[EventType "swiss"]
[EventRounds "9"]
[EventCountry "ENG"]
[SourceTitle "CBM 120 Extra"]
[Source "ChessBase"]
[SourceDate "2007.11.01"]
[SourceVersion "1"]
[SourceVersionDate "2007.11.01"]
[SourceQuality "1"]

1. e4 e5 2. Nf3 d6 3. d4 exd4 4. Nxd4 g6 5. Nc3 Bg7 6. Be3 Nf6 7. Qd2 0-0 8. f3 d5 9. Bg5 dxe4 10. fxe4 Nxe4 11. Nxe4 Qxd4 12. Qxd4 Bxd4 13. 0-0-0 Nc6 14. Bb5 Bg4 15. Bxc6 Bxd1 16. Rxd1 Bg7 17. Bxb7 Rab8 18. Nc5 Rfe8 19. Bf4 Red8 20. Rxd8+ Rxd8 21. c3 c6 22. Kc2 Bf8 23. Ne4 c5 24. Be5 h5 25. Nf6+ 1-0

[Event "Liverpool op"]
[Site "Liverpool"]
[Date "2007.09.06"]
[Round "6"]
[White "Littlewood, John Eric"]
[Black "Reppen, Ellisiv"]
[Result "1-0"]
[WhiteElo "2230"]
[BlackElo "1922"]
[PlyCount "93"]
[EventDate "2007.09.03"]
[EventType "swiss"]
[EventRounds "9"]
[EventCountry "ENG"]
[SourceTitle "CBM 120 Extra"]
[Source "ChessBase"]
[SourceDate "2007.11.01"]
[SourceVersion "1"]
[SourceVersionDate "2007.11.01"]
[SourceQuality "1"]

1. e4 e5 2. Nf3 Nc6 3. Bb5 a6 4. Ba4 Nf6 5. Qe2 b5 6. Bb3 Be7 7. a4 b4 8. d4 0-0 9. dxe5 Ng4 10. Bd5 Bc5 11. 0-0 Qe8 12. Bf4 Rb8 13. h3 Ngxe5 14. Bxc6 Nxf3+ 15. Qxf3 dxc6 16. Bxc7 Rb7 17. Bf4 Re7 18. Nd2 Re6 19. Nb3 Bd6 20. Bxd6 Rxd6 21. Rad1 Rg6 22. Rfe1 Qe6 23. Re3 Qe5 24. Nd4 Re8 25. Nf5 h6 26. b3 Kh7 27. Qe2 Ree6 28. Nh4 Rgf6 29. Nf3 Qc7 30. e5 Rg6 31. Nh4 Qe7 32. Nxg6 Rxg6 33. Rg3 Rxg3 34. fxg3 Qg5 35. g4 h5 36. Qe4+ g6 37. gxh5 Qxh5 38. Qf3 Qxf3 39. gxf3 Be6 40. Kf2 Bd5 41. a5 Kg7 42. Rd4 f6 43. exf6+ Kxf6 44. Rxb4 Ke5 45. Ke3 g5 46. Rb6 Kd6 47. f4 1-0

[Event "Liverpool op"]
[Site "Liverpool"]
[Date "2007.09.05"]
[Round "4"]
[White "Littlewood, John Eric"]
[Black "Mollison, Jamie"]
[Result "1-0"]
[WhiteElo "2230"]
[BlackElo "1917"]
[PlyCount "81"]
[EventDate "2007.09.03"]
[EventType "swiss"]
[EventRounds "9"]
[EventCountry "ENG"]
[SourceTitle "CBM 120 Extra"]
[Source "ChessBase"]
[SourceDate "2007.11.01"]
[SourceVersion "1"]
[SourceVersionDate "2007.11.01"]
[SourceQuality "1"]

1. e4 e6 2. d3 c5 3. Nf3 Nc6 4. g3 g6 5. Bg2 Bg7 6. 0-0 Nge7 7. Re1 d6 8. c3 Qb6 9. Na3 d5 10. exd5 Nxd5 11. Ng5 0-0 12. Ne4 Na5 13. h4 a6 14. Qa4 Qc7 15. Nc4 Nxc4 16. dxc4 b5 17. cxb5 Bd7 18. Qc4 f5 19. Ng5 axb5 20. Qe2 Rae8 21. c4 bxc4 22. Qxc4 Kh8 23. Nf3 Qa5 24. Bd2 Qb5 25. Qxb5 Bxb5 26. a4 Ba6 27. Ne5 Nf6 28. Rac1 Ng4 29. Nxg4 fxg4 30. Rxc5 Bxb2 31. Rc6 Bd4 32. Rxa6 Bxf2+ 33. Kh2 Bxe1 34. Bxe1 Rf5 35. a5 Rh5 36. Ra8 Rxa8 37. Bxa8 g5 38. a6 gxh4 39. a7 hxg3+ 40. Kxg3 Rb5 41. Bc3+ 1-0

[Event "Liverpool op"]
[Site "Liverpool"]
[Date "2007.09.03"]
[Round "1"]
[White "Haslinger, Stewart"]
[Black "Littlewood, John Eric"]
[Result "1-0"]
[WhiteElo "2468"]
[BlackElo "2230"]
[PlyCount "41"]
[EventDate "2007.09.03"]
[EventType "swiss"]
[EventRounds "9"]
[EventCountry "ENG"]
[SourceTitle "CBM 120 Extra"]
[Source "ChessBase"]
[SourceDate "2007.11.01"]
[SourceVersion "1"]
[SourceVersionDate "2007.11.01"]
[SourceQuality "1"]

1. e4 d5 2. exd5 Qxd5 3. Nc3 Qd6 4. d4 Nf6 5. Nf3 a6 6. g3 Bg4 7. Bg2 e6 8. h3 Bh5 9. g4 Bg6 10. Ne5 c5 11. Bf4 Qxd4 12. Bxb7 Ra7 13. Nc6 Nxc6 14. Bxc6+ Kd8 15. Be5 Qxd1+ 16. Rxd1+ Kc8 17. Na4 Rb7 18. Bxb7+ Kxb7 19. Rd8 Bxc2 20. Nxc5+ Kc6 21. 0-0 1-0

[Event "EU Union-ch"]
[Site "Liverpool"]
[Date "2006.09.12"]
[Round "7"]
[White "Littlewood, John Eric"]
[Black "Sarakauskiene, Zivile"]
[Result "1-0"]
[WhiteElo "2244"]
[BlackElo "2158"]
[PlyCount "71"]
[EventDate "2006.09.06"]
[EventType "swiss"]
[EventRounds "10"]
[EventCountry "ENG"]
[SourceTitle "CBM 114 Extra"]
[Source "ChessBase"]
[SourceDate "2006.11.03"]
[SourceVersion "1"]
[SourceVersionDate "2006.11.03"]
[SourceQuality "1"]

1. e4 c5 2. c3 Nf6 3. d3 Nc6 4. g3 d5 5. Nd2 e5 6. Ngf3 Be7 7. Bg2 0-0 8. 0-0 Be6 9. exd5 Bxd5 10. Re1 Nd7 11. Nc4 Bf6 12. Ne3 Be6 13. Nd2 Nb6 14. Ng4 Nd5 15. Nxf6+ Qxf6 16. Ne4 Qe7 17. Ng5 Rad8 18. Nxe6 Qxe6 19. f4 Qd6 20. fxe5 Nxe5 21. d4 cxd4 22. Qxd4 Nc6 23. Qf2 f6 24. Bd2 a6 25. Rad1 Qc7 26. Qc5 Qa5 27. Be3 Nxe3 28. Qxe3 Qxa2 29. Bd5+ Rxd5 30. Qe6+ Kh8 31. Qxd5 Qxb2 32. Qf7 Qb6+ 33. Kh1 Rg8 34. Re8 Ne7 35. Rxe7 Qc6+ 36. Qd5 1-0

[Event "EU Union-ch"]
[Site "Liverpool"]
[Date "2006.09.11"]
[Round "6"]
[White "Ciuksyte, Dagne"]
[Black "Littlewood, John Eric"]
[Result "1-0"]
[WhiteElo "2440"]
[BlackElo "2244"]
[PlyCount "205"]
[EventDate "2006.09.06"]
[EventType "swiss"]
[EventRounds "10"]
[EventCountry "ENG"]
[SourceTitle "CBM 114 Extra"]
[Source "ChessBase"]
[SourceDate "2006.11.03"]
[SourceVersion "1"]
[SourceVersionDate "2006.11.03"]
[SourceQuality "1"]

1. e4 e5 2. Nf3 d6 3. d4 exd4 4. Nxd4 Nf6 5. Nc3 Be7 6. Bf4 0-0 7. Qd2 Re8 8. 0-0-0 Bf8 9. f3 a6 10. g4 b5 11. h4 Bb7 12. Nf5 Nbd7 13. h5 Ne5 14. Be2 b4 15. Nd5 Nxd5 16. exd5 Nd7 17. g5 Nb6 18. g6 fxg6 19. hxg6 hxg6 20. Ne3 g5 21. Bd3 Qf6 22. Bg3 Na4 23. Nc4 g6 24. f4 Nxb2 25. Nxb2 Bg7 26. Qxb4 Bxd5 27. fxg5 Qxg5+ 28. Qf4 Qxf4+ 29. Bxf4 Rab8 30. Nc4 Bf7 31. Rde1 Rxe1+ 32. Rxe1 Rb4 33. Bd2 Ra4 34. Nb2 Rxa2 35. c3 Ra5 36. Re7 Rc5 37. Kc2 Bf6 38. Re1 d5 39. Na4 Rc6 40. Rg1 Kg7 41. Rg4 d4 42. Be4 Rc4 43. Nb2 Rc5 44. Nd3 Rc4 45. Nf4 dxc3 46. Nh5+ Kh8 47. Nxf6 cxd2+ 48. Kxd2 a5 49. Kd3 Rb4 50. Rg5 Rb6 51. Ng4 a4 52. Ra5 Rb3+ 53. Kd4 Rb4+ 54. Ke5 Kg7 55. Ra7 Rb5+ 56. Kd4 Rb4+ 57. Ke3 Rb3+ 58. Kf4 a3 59. Ne5 Rc3 60. Nxf7 Kxf7 61. Ke5 Kg7 62. Ra6 Rc5+ 63. Kf4 g5+ 64. Ke3 c6 65. Bxc6 g4 66. Be4 g3 67. Kf4 Rc3 68. Bf3 Kf7 69. Kxg3 Ke7 70. Kf4 Kd7 71. Bd5 Kc7 72. Ke5 Re3+ 73. Kd4 Rg3 74. Kc5 Rc3+ 75. Bc4 Kd7 76. Ra7+ Ke8 77. Kb4 Rg3 78. Bb3 Re3 79. Rxa3 Ke7 80. Ra6 Re4+ 81. Bc4 Rh4 82. Kc3 Re4 83. Bd5 Rh4 84. Kd3 Rf4 85. Be4 Rh4 86. Kd4 Kd7 87. Ke5 Rh5+ 88. Bf5+ Kc7 89. Rg6 Rh1 90. Rg7+ Kb6 91. Be4 Rd1 92. Bd5 Kc5 93. Rc7+ Kb4 94. Rc4+ Kb5 95. Rc3 Re1+ 96. Kd6 Rg1 97. Rb3+ Ka4 98. Kc5 Rg7 99. Rf3 Rg5 100. Rh3 Re5 101. Rh4+ Ka3 102. Rh2 Re2 103. Rxe2 1-0

[Event "BCF-chT2 0506 (4NCL)"]
[Site "Birmingham"]
[Date "2006.04.30"]
[Round "10.1"]
[White "Buckley, Graeme N"]
[Black "Littlewood, John Eric"]
[Result "1-0"]
[WhiteElo "2398"]
[BlackElo "2258"]
[PlyCount "41"]
[EventDate "2005.10.22"]
[EventType "team"]
[EventRounds "11"]
[EventCountry "ENG"]
[SourceTitle "EXT 2007"]
[Source "ChessBase"]
[SourceDate "2006.11.23"]
[SourceVersion "1"]
[SourceVersionDate "2006.11.23"]
[SourceQuality "1"]
[WhiteTeam "Guildford III"]
[BlackTeam "Micro Mark NWE II"]
[WhiteTeamCountry "ENG"]
[BlackTeamCountry "ENG"]

1. d4 Nf6 2. c4 g6 3. Nc3 d5 4. cxd5 Nxd5 5. e4 Nxc3 6. bxc3 Bg7 7. Be3 0-0 8. Qd2 c5 9. Rb1 Nc6 10. Nf3 Bg4 11. d5 Qa5 12. Rb5 Qxc3 13. dxc6 Bxf3 14. gxf3 Qa1+ 15. Qc1 Bc3+ 16. Kd1 Rfd8+ 17. Kc2 Qxa2+ 18. Kxc3 bxc6 19. Bc4 Qa4 20. Rb3 Rab8 21. Qa3 1-0

[Event "BCF-chT 0506 (4NCL)"]
[Site "Birmingham"]
[Date "2006.03.05"]
[Round "8.5"]
[White "Littlewood, John Eric"]
[Black "Baburin, Alexander"]
[Result "0-1"]
[WhiteElo "2275"]
[BlackElo "2511"]
[PlyCount "60"]
[EventDate "2005.10.22"]
[EventType "team"]
[EventRounds "11"]
[EventCountry "ENG"]
[SourceTitle "EXT 2007"]
[Source "ChessBase"]
[SourceDate "2006.11.23"]
[SourceVersion "1"]
[SourceVersionDate "2006.11.23"]
[SourceQuality "1"]
[WhiteTeam "Micro Mark NWE"]
[BlackTeam "Wood Green"]
[WhiteTeamCountry "ENG"]
[BlackTeamCountry "ENG"]

1. e4 Nf6 2. d3 e5 3. Nf3 Nc6 4. Be2 d5 5. exd5 Nxd5 6. 0-0 Be7 7. Re1 0-0 8. a3 Re8 9. Bf1 Bf8 10. Nbd2 Bg4 11. h3 Bh5 12. c3 Rb8 13. g3 f6 14. Bg2 Bf7 15. Qc2 a5 16. Ne4 b5 17. d4 a4 18. dxe5 Nxe5 19. Nxe5 Rxe5 20. Bd2 c6 21. c4 bxc4 22. Nc3 Bg6 23. Qd1 Rxb2 24. Rxe5 fxe5 25. Bc1 Rxf2 26. Bxd5+ cxd5 27. Qxd5+ Qxd5 28. Nxd5 Re2 29. Nc3 Bc5+ 30. Kf1 Rh2 0-1

[Event "EU-chT Seniors 08th"]
[Site "Dresden"]
[Date "2006.02.24"]
[Round "8"]
[White "Littlewood, John Eric"]
[Black "Turikov, Viktor"]
[Result "0-1"]
[WhiteElo "2275"]
[BlackElo "2345"]
[PlyCount "128"]
[EventDate "2006.02.17"]
[EventType "team-swiss"]
[EventRounds "8"]
[EventCountry "GER"]
[SourceTitle "CBM 111 Extra"]
[Source "ChessBase"]
[SourceDate "2006.05.09"]
[SourceVersion "1"]
[SourceVersionDate "2006.05.09"]
[SourceQuality "1"]
[WhiteTeam "Great Britain"]
[BlackTeam "St Petersburg"]
[WhiteTeamCountry "GBR"]
[BlackTeamCountry "RUS"]

1. e4 c6 2. d3 d5 3. Nd2 e5 4. Ngf3 Bd6 5. g3 Ne7 6. Bg2 0-0 7. 0-0 Nd7 8. Re1 d4 9. c3 c5 10. Nc4 Bc7 11. a4 Nc6 12. Rb1 Qe7 13. cxd4 cxd4 14. b4 a6 15. b5 axb5 16. axb5 Nd8 17. b6 Bd6 18. Nxd6 Qxd6 19. Qb3 Ra6 20. Bd2 Nc6 21. Qd5 Qe7 22. Bg5 Nf6 23. Qb5 h6 24. Bd2 Nd7 25. Nh4 Nxb6 26. Nf5 Qf6 27. Ra1 Na7 28. Qb4 Bd7 29. Ne7+ Kh7 30. Nd5 Nxd5 31. Qxf8 Nc3 32. Qb8 Qb6 33. Rxa6 Qxa6 34. Bf1 Nc6 35. Qd6 Be6 36. Qc5 Qa4 37. Rc1 Qa2 38. Bxc3 dxc3 39. Qxc3 Nd4 40. Ra1 Qb3 41. Qxb3 Bxb3 42. f4 b5 43. Kf2 Bc2 44. fxe5 b4 45. Ke3 Nc6 46. Ra6 Nxe5 47. Rb6 b3 48. d4 Ng4+ 49. Kf4 Nf2 50. Bc4 g5+ 51. Ke3 Ng4+ 52. Kd2 Nxh2 53. Bxf7 Nf1+ 54. Ke1 Nxg3 55. e5 h5 56. Bxb3 Bg6 57. Rb7+ Kh6 58. d5 h4 59. Kf2 Ne4+ 60. Kg2 Nc5 61. Re7 Be4+ 62. Kg1 g4 63. Bd1 g3 64. Bg4 Bxd5 0-1

[Event "BCF-chT 0506 (4NCL)"]
[Site "Birmingham"]
[Date "2005.11.19"]
[Round "3.3"]
[White "Williams, Simon Kim"]
[Black "Littlewood, John Eric"]
[Result "1-0"]
[WhiteElo "2452"]
[BlackElo "2275"]
[PlyCount "41"]
[EventDate "2005.10.22"]
[EventType "team"]
[EventRounds "11"]
[EventCountry "ENG"]
[SourceTitle "EXT 2007"]
[Source "ChessBase"]
[SourceDate "2006.11.23"]
[SourceVersion "1"]
[SourceVersionDate "2006.11.23"]
[SourceQuality "1"]
[WhiteTeam "Hilsmark Kingfisher"]
[BlackTeam "Micro Mark NWE"]
[WhiteTeamCountry "ENG"]
[BlackTeamCountry "ENG"]

1. d4 Nf6 2. c4 g6 3. Nc3 d5 4. cxd5 Nxd5 5. e4 Nxc3 6. bxc3 c5 7. Bc4 Bg7 8. Ne2 0-0 9. 0-0 Nc6 10. Be3 Qc7 11. Rc1 Rd8 12. f4 Bg4 13. f5 gxf5 14. Bxf7+ Kh8 15. exf5 cxd4 16. cxd4 Bxe2 17. Qxe2 Nxd4 18. Qh5 Qe5 19. Rce1 Rd6 20. Bg5 Qc5 21. Kh1 1-0

[Event "GBR-ch Seniors"]
[Site "Douglas"]
[Date "2005.08.09"]
[Round "4"]
[White "Anderton, David William"]
[Black "Littlewood, John Eric"]
[Result "1-0"]
[WhiteElo "2251"]
[BlackElo "2291"]
[PlyCount "107"]
[EventDate "2005.08.06"]
[EventType "swiss"]
[EventRounds "7"]
[EventCountry "ENG"]
[SourceTitle "EXT 2007"]
[Source "ChessBase"]
[SourceDate "2006.11.23"]
[SourceVersion "1"]
[SourceVersionDate "2006.11.23"]
[SourceQuality "1"]

1. d4 Nf6 2. c4 g6 3. g3 Bg7 4. Bg2 0-0 5. Nc3 d6 6. Nf3 Nbd7 7. 0-0 e5 8. e4 exd4 9. Nxd4 Re8 10. h3 a6 11. Be3 Rb8 12. b3 Nc5 13. Qc2 Bd7 14. f3 Qc8 15. g4 b5 16. cxb5 axb5 17. b4 Ne6 18. Nce2 h5 19. Rac1 hxg4 20. fxg4 c5 21. Nxe6 Bxe6 22. bxc5 dxc5 23. Bxc5 Bc4 24. Bd4 Re6 25. Qb2 Qd8 26. Rfd1 Qe8 27. Nf4 Ra6 28. a3 Rd8 29. a4 Rxd4 30. Qxd4 Nd5 31. Qf2 Nxf4 32. Qxf4 Be5 33. Qg5 f6 34. Qd2 Rxa4 35. Rxc4 Rxc4 36. Qd5+ Kf8 37. Bf1 Rxe4 38. Bxb5 Qe6 39. Qxe6 Bh2+ 40. Kxh2 Rxe6 41. Rd7 Re3 42. Kg2 Rc3 43. Be2 g5 44. Rd3 Rc5 45. Rf3 Kg7 46. Bd3 Kf7 47. Kf2 Ra5 48. Ke3 Ra4 49. Rf1 Ke7 50. Rf5 Rb4 51. Rb5 Ra4 52. Rb7+ Kf8 53. Rc7 Rf4 54. Rc4 1-0

[Event "GBR-ch Seniors"]
[Site "Douglas"]
[Date "2005.08.07"]
[Round "2"]
[White "Watson, James P"]
[Black "Littlewood, John Eric"]
[Result "0-1"]
[WhiteElo "1675"]
[BlackElo "2291"]
[PlyCount "64"]
[EventDate "2005.08.06"]
[EventType "swiss"]
[EventRounds "7"]
[EventCountry "ENG"]
[SourceTitle "EXT 2007"]
[Source "ChessBase"]
[SourceDate "2006.11.23"]
[SourceVersion "1"]
[SourceVersionDate "2006.11.23"]
[SourceQuality "1"]

1. d4 Nf6 2. Nc3 d5 3. Bg5 Nbd7 4. e3 g6 5. Nf3 Bg7 6. Be2 0-0 7. 0-0 h6 8. Bf4 c6 9. h3 b5 10. a3 Bb7 11. Nd2 a6 12. Bf3 c5 13. Nb3 Re8 14. Bh2 Rc8 15. Ne2 e5 16. dxe5 Nxe5 17. Bxe5 Rxe5 18. Nf4 Qb6 19. c3 g5 20. Nd3 Ree8 21. Nd2 Ne4 22. Bg4 Rcd8 23. Nf3 Qg6 24. Nfe1 Qd6 25. Qc2 d4 26. Rd1 dxc3 27. Nf3 Qb6 28. Bf5 Nd6 29. Bg4 Be4 30. Qe2 c4 31. Nb4 cxb2 32. Nd4 Bxd4 0-1

[Event "WchT Seniors 1st"]
[Site "Port Erin"]
[Date "2004.10.07"]
[Round "3.1"]
[White "Murey, Jacob"]
[Black "Littlewood, John Eric"]
[Result "1-0"]
[WhiteElo "2450"]
[BlackElo "2308"]
[PlyCount "55"]
[EventDate "2004.10.05"]
[EventType "team-swiss"]
[EventRounds "8"]
[EventCountry "IOM"]
[SourceTitle "CBM 102 Extra"]
[Source "ChessBase"]
[SourceDate "2004.11.03"]
[SourceVersion "1"]
[SourceVersionDate "2004.11.03"]
[SourceQuality "1"]
[WhiteTeam "Israel"]
[BlackTeam "England"]
[WhiteTeamCountry "ISR"]
[BlackTeamCountry "ENG"]

1. e4 e5 2. Nf3 d6 3. d4 exd4 4. Nxd4 g6 5. c4 Bg7 6. Nc3 Nc6 7. Be3 Nf6 8. Be2 0-0 9. 0-0 Re8 10. f3 Nh5 11. Nxc6 bxc6 12. Qd2 f5 13. Bg5 Bf6 14. Bxf6 Qxf6 15. exf5 Qxf5 16. Bd3 Qf4 17. Qf2 Be6 18. Be4 Bxc4 19. Bxc6 Bxf1 20. Rxf1 Nf6 21. Bxe8 Nxe8 22. Nd5 Qc4 23. Rd1 Qxa2 24. Qd4 c5 25. Qe4 Rb8 26. Qe6+ Kh8 27. Qe7 Qxb2 28. Qf8# 1-0

[Event "EU-chT Seniors 05th"]
[Site "Dresden"]
[Date "2003.02.24"]
[Round "2.1"]
[White "Littlewood, John Eric"]
[Black "Uhlmann, Wolfgang"]
[Result "1-0"]
[WhiteElo "2286"]
[BlackElo "2446"]
[PlyCount "97"]
[EventDate "2003.02.23"]
[EventType "team-swiss"]
[EventRounds "7"]
[EventCountry "GER"]
[SourceTitle "EXT 2005"]
[Source "ChessBase"]
[SourceDate "2004.11.15"]
[SourceVersion "1"]
[SourceVersionDate "2004.11.15"]
[SourceQuality "1"]

1. d4 Nf6 2. Bg5 Ne4 3. Bf4 d5 4. f3 Nf6 5. Nc3 Bf5 6. g4 Bg6 7. h4 h6 8. e3 e6 9. Bd3 Bxd3 10. Qxd3 a6 11. Nge2 c5 12. Kf2 Nc6 13. Kg2 Be7 14. Bg3 b5 15. Nf4 b4 16. Nce2 e5 17. dxe5 Nxe5 18. Qf5 Nc4 19. Bf2 g6 20. Qd3 Nxb2 21. Qb3 Nc4 22. Rad1 Nb6 23. g5 hxg5 24. hxg5 Rxh1 25. Rxh1 Nfd7 26. Qd3 Nf8 27. e4 d4 28. e5 Qd7 29. Qe4 0-0-0 30. a3 Qb7 31. Qxb7+ Kxb7 32. axb4 cxb4 33. Nxd4 Bxg5 34. Nd3 Be7 35. Nb3 Ne6 36. Rh2 Ng5 37. Rh4 Rd7 38. f4 Ne6 39. Rh7 Rxd3 40. cxd3 Nxf4+ 41. Kg3 Nbd5 42. Rxf7 Nxd3 43. Nc5+ Nxc5 44. Bxc5 Kc6 45. Bxe7 Nxe7 46. Rxe7 b3 47. Re6+ Kc7 48. Rd6 a5 49. Rd1 1-0